| 000 | 00356nam a2200145Ia 4500 | ||
|---|---|---|---|
| 008 | 191201s2010 xx 000 0 und d | ||
| 020 | _a9788120341302 | ||
| 082 |
_a005.133 _bHAM |
||
| 100 | _aHALVORSON, Michael | ||
| 245 | 0 | _aMicrosoft Visual Basic NET Step by Step | |
| 260 |
_aN. Delhi _bPHI _c2010 |
||
| 300 | _a544 | ||
| 650 | _aMCA | ||
| 942 |
_2ddc _cBK |
||
| 999 |
_c5198 _d5198 |
||